Múzeum Andyho Warhola konečne opravia! pre zatekajúcu strechu museli pred časom zrušiť výstavu

Bibliographic Details
Format: Article
Language:Slovak
PhysicalDescription:Fotogr.
ISSN:1335-4655
Subjects:

MARC

LEADER 00000nab a2200000 ar4500
001 vtls009483896
003 SK-MaSNL
005 20260303201441.0
008 090316c20081013xo mr|p|||||||000 b|slo
038 |a SNSK 
040 |b slo  |c SNSK  |e AACR2 
041 |a slo 
044 |a xo  |c SK 
080 |a 069.02  |x (437.67)  |2 2001 
080 |a 75  |2 2001 
080 |a 069.444  |2 2001 
245 0 0 |a Múzeum Andyho Warhola konečne opravia!  |b pre zatekajúcu strechu museli pred časom zrušiť výstavu  |c [autor](nov) 
300 |b Fotogr. 
610 2 7 |a Múzeum moderného umenia Andyho Warhola v Medzilaborciach  |2 SNKKA  |9 73980 
650 0 7 |a opravy  |2 snsk  |9 388692 
651 7 |a Medzilaborce (Slovensko)  |2 snsk  |9 22171 
773 0 |t Nový Čas  |g Roč. 18, č. 237 (13.10.2008), s. 10  |x 1335-4655 
852 |a SNSK  |b KIS3GCP 
999 |c 2174167  |d 2176097